Capitalism and revolution in Iran : selected writings of Bizhan Jazani /

Bibliographic Details
Main Author: Jazani, B. (Bizhan), 1937-
Format: Book
Language:English
Persian
Published: London : Zed Press ; 1980.
Series:Middle East series (London, England)
Subjects:

MARC

Tag First Indicator Second Indicator Subfields
LEADER 00000cam a2200000 a 4500
001 in00000091091
005 20150923131249.0
008 810901s1980 enk 00010 eng
010 |a  81670088  
015 |a GB*** 
020 |a 0905762576 (pbk.) :  |c 94.50 ($9.95 U.S.) 
020 |a 0905762827 
035 |a (OCoLC)07054156 
035 |9 AAK6678AM 
039 0 |a 2  |b 3  |c 3  |d 3  |e 3 
040 |a DLC  |c DLC  |d TXA  |d UtOrBLW 
041 1 |a eng  |a per 
043 |a a-ir--- 
049 |a TXAM  |c [1805972] 
050 0 0 |a DS318  |b  J38813 
082 0 |a 955/.043  |2 19 
100 1 |a Jazani, B.  |q (Bizhan),  |d 1937- 
245 1 0 |a Capitalism and revolution in Iran :  |b selected writings of Bizhan Jazani /  |c Bizhan Jazani ; translated by the Iran Committee. 
264 1 |a London :  |b Zed Press ;  |c 1980. 
264 2 |a Connecticut :  |b U.S. distributor, L. Hill, 
300 |a xvi, 151 pages ;  |c 22 cm. 
336 |a text  |b txt  |2 rdacontent 
337 |a unmediated  |b n  |2 rdamedia 
338 |a volume  |b nc  |2 rdacarrier 
490 1 |a Middle East series 
610 2 0 |a Sazman-i Charik'ha-yi Fida i-i Khalq-i Iran. 
651 0 |a Iran  |x History  |y Mohammad Reza Pahlavi, 1941-1979. 
651 0 |a Iran  |x Economic conditions  |y 1918- 
830 0 |a Middle East series (London, England) 
999 |a MARS 
999 f f |s 74d59ad7-3529-3e97-a902-4ae44f78d0f2  |i 479a4428-676b-350b-9fbb-c8f134596a14  |t 0 
952 f f |p ric  |a Texas A&M University  |b Rellis Campus  |c Joint Library Facility  |d Remote Storage  |t 0  |e DS318 J38813  |h Library of Congress classification  |i unmediated -- volume  |m A14806273373 
998 f f |a DS318 J38813  |t 0  |l Remote Storage